Metódy modelovania distribuovaných informačných systémov bakalárska práca

Salvato in:
Dettagli Bibliografici
Autore principale: Rachlerová, Klára
Ente Autore: Fakulta hospodárskej informatiky EU. Katedra aplikovanej informatiky
Altri autori: Jurík, Pavol, 1987-
Natura: Libro
Lingua:slovacco
Pubblicazione: Bratislava 2013
Tags: Aggiungi Tag
Nessun Tag, puoi essere il primo ad aggiungerne!!

MARC

LEADER 00000nbm a2200000 4500
001 0176321
005 20170209111416.5
041 0 |a slo 
044 |a SK 
245 1 0 |a Metódy modelovania distribuovaných informačných systémov  |b bakalárska práca  |c Klára Rachlerová ; školiteľ: Pavol Jurík 
264 1 |a Bratislava  |c 2013 
300 |a 39 s. 
100 1 |a Rachlerová, Klára 
700 1 |a Jurík, Pavol, 1987- 
710 2 |a Fakulta hospodárskej informatiky EU. Katedra aplikovanej informatiky